Podzemnyje magistraľnyje truboprovody (projektirovanije i strojiteľstvo)

Enregistré dans:
Détails bibliographiques
Auteur principal: Borodavkin, P.P (Auteur)
Format: Livre
Langue:russe
Publié: Moskva : Nedra, 1982
Tags: Ajouter un tag
Pas de tags, Soyez le premier à ajouter un tag!

MARC

LEADER 00000nam a22000003a 4500
001 stu165363
005 20150617225958.9
008 080616s1982----xxr-----------------rus-d
040 |a STU  |b slo 
041 0 |a rus 
044 |a xxr 
080 |a 622.692.4.07 
100 1 |a Borodavkin, P.P.  |4 aut 
245 1 |a Podzemnyje magistraľnyje truboprovody (projektirovanije i strojiteľstvo) 
260 |a Moskva :  |b Nedra,  |c 1982 
300 |a 383 s 
996 |c V*22485/O-8887  |l VV17  |s P  |a 0  |w stu165363_0001